000
00295nam a2200109Ia 4500
008
220204s9999 xx 000 0 und d
082
_a
002.2458
_b
WIG
100
_a
Arthur W
245
0
_a
Physical science with environmental applications
260
_a
Atlanta
_b
Houghton Mifflin6c1974
942
_c
BK
999
_c
26683
_d
26683